Assessing Adolescent And Adult Intlligence (Record no. 4405)

MARC details
005 - DATE AND TIME OF LATEST TRANSACTION
control field 20250619103754.0
020 ## - INTERNATIONAL STANDARD BOOK NUMBER
International Standard Book Number 13978-0-471-73553-3
082 ## - DEWEY DECIMAL CLASSIFICATION NUMBER
Classification number 153.93KAV
100 ## - MAIN ENTRY--PERSONAL NAME
Author name kAUFMAN. S. ALAN
245 ## - TITLE STATEMENT
Title Assessing Adolescent And Adult Intlligence
250 ## - EDITION STATEMENT
Edition statement 3rd Ed
260 ## - PUBLICATION, DISTRIBUTION, ETC.
Place of publication, distribution, etc. New york,
Name of publisher, distributor, etc. Simulteneously In Canada,
Date of publication, distribution, etc. 2002.
300 ## - PHYSICAL DESCRIPTION
Extent xx,; 787p,; ill, picture, table
Other physical details Appendix, Index
Dimensions 24cm,
700 ## - ADDED ENTRY--PERSONAL NAME
Other authors/Editors Lichtenberger. O. E
942 ## - ADDED ENTRY ELEMENTS (KOHA)
Source of classification or shelving scheme Dewey Decimal Classification
Koha item type Books
Holdings
Date last seen Total checkouts Full call number Barcode Cost, replacement price Price effective from Koha item type Lost status Source of classification or shelving scheme Damaged status Not for loan Withdrawn status Home library Current library Shelving location Date acquired Cost, normal purchase price
06/19/2025   1153.93KAV DOM0001770 240000.00 06/19/2025 Books   Dewey Decimal Classification       CBE Dodoma CBE Dodoma Special Reserve Collection 07/24/2017 80000.00
06/19/2025   1153.93KAV DOM0001769 240000.00 06/19/2025 Books   Dewey Decimal Classification       CBE Dodoma CBE Dodoma Special Reserve Collection 07/24/2017 80000.00